000 00192 a2200097 4500
020 _a9788434822832
041 _aspa
100 _aAlfredo Gomez Cerda
245 _aNano y Esmeralda
942 _cK
999 _c27322
_d27322